Les rues de Beyrouth aux noms français - Statistiques

Statistiques générales
  • Ce quiz a été pris 6 fois
  • Le résultat moyen est 13 sur 25
Statistiques - réponses
Hint Réponse % Correct
Première partie de la "Corniche" en bord de mer, avenue nommée après une très grande ville française. Avenue de Paris
100%
Suite de la "Corniche" en bord de mer, nommé en l'honneur d’un ancien président français qui vécut au Liban de 1929 à 1932. Avenue du Général de Gaulle
100%
Rue aujourd'hui renommée rue Émile Éddé, en honneur de la troisième ville de France. Est souvent incorrectement orthographié Rue "Leon" ou rue "Lion". Rue de Lyon
83%
Nom officiel de la Rue "Maarad", qui mène à la place mentionné juste au dessus. Elle porte le nom de l'ancien président français de 1995 à 2007, grand ami du Liban et de l’ex-Premier ministre 2005 Rafic Hariri. Rue Jacques Chirac
83%
Rue du centre-ville, derrière le Grand Sérail, qui porte le nom d'un pays de 66 millions d'habitants et qui eu un mandat sur le Liban de 1920 à 1943. Avenue de France
67%
Monument naturel de la Corniche, dont le nom en arabe "Rawché" est une déformation du nom commun en français. Le Rocher
67%
Rue du centre-ville de Beyrouth, au nom du Maréchal dirigea l’armée française durant la Première Guerre mondiale. Son prénom est Ferdinand. Rue Foch
67%
Rue perpendiculaire à la rue Hamra, nommé en l'honneur d'une héroine et d'une sainte française qui s'est illustré pendant la guerre de Cent Ans. Rue Jeanne d'Arc
67%
Rue du quartier de Qoreitem, porte le nom d'une grande scientifique et chimiste française, souvent associée à son époux Pierre. Rue Madame Curie
67%
Parrallèle à la rue précendente dans le quartier de Gemmayzé, porte le nom de l'inventeur du vaccin contre la rage. Rue Pasteur
67%
Avenue aujourd'hui renommé Ahmad Shawki, nommée en l'honneur du peuple habitant ce pays précédemment cité. Avenue des Français
50%
Quartier à proximité du port de Beyrouth, au le nom de l'ancien lazaret qui servait à isoler et confiner les voyageurs en prévention des maladies, pour une durée de 40 jours. La Quarantaine
50%
Grand remblai au centre de la ville gagné sur la mer, porte le nom d'un grand hôtel qui s'y trouvait. C'est le nom d'une région française qui disbute le Mont-Saint-Michel à la Bretagne. Remblai de Normandie
50%
Rue dans le quartier de Ras Beyrouth portant le nom de l’ancien président du Conseil et Premier ministre français pendant la Première guerre mondiale surnommé le « Tigre ». Rue Clémenceau
50%
Rue qui porte le nom de l'ancien nom du Liban, terre d'un peuple marin aventureux, issu des cananéens, et qui établi des comptoirs dans toute la Méditérannée. Rue de Phénicie
50%
Grande rue commercante de l'Ouest de Beyrouth, elle commémore une grande bataille française de la Première Guerre mondiale en 1916. Un lycée français au nom éponyme s'y trouve. Rue Verdun
50%
Célèbre place du centre-ville de Beyrouth, sur laquelle se trouve le Parlement libanais, deux cathédrales, la tour de l'Horloge et plusieurs artères, construite sur le modèle d'une célèbre place parisienne. Place de l'Étoile
33%
Grande place centrale de Beyrouth, aussi nommée Place des Canons ou Place Al-Burj, commémore l'exécution de 16 nationalistes libanais le 6 mai 1916 par l'empire Ottoman. Place des Martyrs
33%
Rue qui porte le nom de l'Hymne de ce pays. Rue de la Marseillaise
33%
Rue commercante et animée du quartier de Gemmayzé, qui porte le nom du Général et haut-commissaire de la République française au Levant de 1919 à 1923, qui déclara la création de l'État du Grand Liban en 1920. Rue du Général Gouraud
33%
Dans le même quartier, rue portant le nom du prêtre supérieur français de la mission jésuite en Syrie, le fondateur de l’Université Saint-Joseph. Rue Monot
33%
À proximité de la rue précente, rue qui porte le nom de l'ancien haut-commissaire de la France au Levant de 1923 à 1924. Son prénom est Maxime, son nom commence par un W et se termine par d. Rue Weygand
33%
Rue au nom d'un héros du nationalisme algérien, qui fut d'abord emprisonné en France avant de s'installer au Levant. A été récompensé pour sa défense des chrétiens d'Orient lors des massacres de 1860. Un lycée français éponyme s'y trouve. Rue Abdel Kader
17%
Rue et Campus de l'université de Saint-Joseph nommé après un historien français du droit, qui a participé à la création de la faculté de droit de l’Université Saint-Joseph en 1913. Rue Huvelin
17%
Rue qui porte le nom du général britannique qui faisait la liaison en 1941 avec le général de Gaulle et son mouvement des Français libres pour la libération du Levant, et participa à l'indépendance du Liban. Rue Spears
17%
Aucun quiz correspondant
Distribution des résultats
% des personnes avec chaque résultat
Percentile par nombre de réponses
Votre historique - résultats
Vous n’avez pas pris ce quiz